Länder der Eurozone - Statistiken

Allgemein
  • Dieses Quiz wurde 37 mal gespielt
  • Das Durchschnittsergebnis liegt bei 18 aus 20
Antwortstatistiken
Länder der Eurozone % Korrekt
Deutschland
100%
Irland
97%
Estland
93%
Frankreich
93%
Italien
93%
Lettland
93%
Litauen
93%
Malta
93%
Portugal
93%
Spanien
93%
Belgien
90%
Kroatien
90%
Luxemburg
90%
Niederlande
90%
Österreich
90%
Finnland
87%
Griechenland
87%
Slowakei
87%
Slowenien
83%
Zypern
77%
Keine übereinstimmenden Quizze gefunden
Verteilung der Resultate
Anzahl Personen mit jedem Resultat
Perzentil nach korrekt beantworteten Fragen
Ihre Resultats-Entwicklung
Sie haben dieses Quiz noch nicht gespielt